• 首页
  • 本馆介绍
  • 公告通知
  • 最新文献
  • 馆藏检索
  • 电子资源
  • 读者导购
  • 参考咨询
  • 我的图书馆
  • 登录
  • 详细信息显示
  • 放入我的书架
  • 预约/预借图书
  • 作者相关作品
  • 分类相关作品
  • 丛书相关作品
  • 出版社相关作品

书目信息

  • 表格格式
  • 工作单格式
  • 卡片格式
题名:
普通数学
    
 
作者: 皮索 , 扎曼斯基 著 ;邓应生 译
分册: 第一册   代数和线性代数基础
出版信息: 北京   人民教育出版社  1981
页数: 220页
开本: 21cm
丛书名:
单 册:
中图分类: O13
科图分类:
主题词: 高等数学
电子资源:
ISBN:
000 00808nam0 2200265 45
001 0181010061
005 20060818081651.12
010    @dCNY0.65
091    @a13012.0589
100    @a19950929f1981 em y0chiy0121 ea
101 1  @achi@cfre
102    @aCN@b110000
105    @ay z 000yy
200 10 @a普通数学@Apu tong shu xue@h第一册@i代数和线性代数基础@f(法)皮索,扎曼斯基著@F(fa)pi suo,zha man si ji zhu@g邓应生译
210    @a北京@c人民教育出版社@d1981
215    @a220页@d21cm
517 1  @a代数和线性代数基础@Adai shu he xian xing dai shu ji chu
606    @a高等数学
690    @aO13@v3
701  0 @a皮索@Api suo@4著
701  0 @a扎曼斯基@Azha man si ji@4著
702  0 @a邓应生@Adeng ying sheng@4译
801  0 @aCN@b上海图书馆@c20060818
801  2 @aCN@bNLC@c20060223
905    @dO13@e1:1
    
    普通数学.第一册.代数和线性代数基础/(法)皮索,扎曼斯基著/邓应生译.-北京:人民教育出版社,1981
    220页;21cm
    
    
    ISBN :CNY0.65
    
●
相关链接 在E读中查询图书 在五车中查询图书 在当当中查询图书 在豆瓣中查询图书


正题名:普通数学     索取号:O13/1:1         预约/预借

序号 登录号 条形码 馆藏地/架位号 状态 备注
1 0069074   202197096   密集书库/ [索取号:O13/1:1] 在馆    
2 0069075   001242738   第三借阅区/ [索取号:O13/1:1] 在馆    
3 0069076   202197130   密集书库/ [索取号:O13/1:1] 在馆    
4 0069077   001242765   第二样本阅览室/ [索取号:O13/1:1] 在馆    
5 0069078   202197050   密集书库/ [索取号:O13/1:1] 在馆    
6 0468544   204685448   密集书库/ [索取号:O13/1:1] 在馆    
唐山师范学院图书馆 欢迎您!
大连网信软件有限公司© 版权所有